| 000 | 01315cam a22004214i 4500 | ||
|---|---|---|---|
| 003 | PE-LiUPU | ||
| 005 | 20250731173223.0 | ||
| 008 | 150625s r 000 0 d | ||
| 035 | _a(Sirsi) a33897 | ||
| 040 |
_aPE-LiUPU _bspa _cPE-LiUPU _erda |
||
| 082 | 0 | 4 |
_a253.7 _bB46 _221 |
| 100 | 1 |
_aLou Bible, Mattie, _eautor. |
|
| 245 | 1 | 0 |
_aNúcleos de desarrollo espiritual-evangelismo personal / _cMattie Lou Bible. |
| 264 | 1 |
_aLima : _bCasa Bautista de Publicaciones, _c[1975]. |
|
| 300 |
_a46 páginas ; _c21 centímetros. |
||
| 336 |
_atext _2rdacontent |
||
| 337 |
_aunmediated _2rdamedia |
||
| 338 |
_avolume _2rdacarrier |
||
| 504 | _aBibliografía: página 46. | ||
| 505 | _aPrimera reunión ... Décima reunión. | ||
| 526 | _aSEG42 | ||
| 526 | _aSEG41 | ||
| 526 | _aSEG40 | ||
| 526 | _aSEG39 | ||
| 526 | _aP94 | ||
| 526 | _aP87 | ||
| 526 | _aP86 | ||
| 526 | _aP85 | ||
| 526 | _aP77 | ||
| 526 | _aP76 | ||
| 526 | _aP35 | ||
| 650 | 1 | 4 |
_aTrabajo evangelistico _93100 _xBautistas. |
| 700 |
_aSwenson, Ana María _etraductora. _94158 |
||
| 942 |
_2ddc _cBK |
||
| 949 |
_a253.7 B46 _wDEWEY _c1 _i16832 _lCCODEBUL1 _mBUL _p00.00 _r0 _sY _tBOOK _u2015-06-25 _xBIBLIOTECA _zUNKNOWN _0COMPRA _o.STAFF. Colección General |
||
| 999 |
_c41694 _d41694 |
||
| 980 |
_81 _gALBERTO SANCHEZ Responsable de Automatización |
||